<?xml version="1.0" encoding="UTF-8"?>
<record
    xmlns:xsi="http://www.w3.org/2001/XMLSchema-instance"
    xsi:schemaLocation="http://www.loc.gov/MARC21/slim http://www.loc.gov/standards/marcxml/schema/MARC21slim.xsd"
    xmlns="http://www.loc.gov/MARC21/slim">

  <leader>01607nam a22002057a 4500</leader>
  <controlfield tag="008">250514b        |||||||| |||| 00| 0 eng d</controlfield>
  <datafield tag="020" ind1=" " ind2=" ">
    <subfield code="a">9789063696115</subfield>
  </datafield>
  <datafield tag="040" ind1=" " ind2=" ">
    <subfield code="c">tbs</subfield>
  </datafield>
  <datafield tag="041" ind1=" " ind2=" ">
    <subfield code="a">eng</subfield>
  </datafield>
  <datafield tag="050" ind1=" " ind2=" ">
    <subfield code="a">HM1196</subfield>
    <subfield code="b">S76 2021</subfield>
  </datafield>
  <datafield tag="100" ind1=" " ind2=" ">
    <subfield code="a">Stones, Adam</subfield>
    <subfield code="9">25239</subfield>
    <subfield code="e">author</subfield>
  </datafield>
  <datafield tag="245" ind1=" " ind2=" ">
    <subfield code="a">Influence</subfield>
    <subfield code="b">: powerful communications, positive change </subfield>
    <subfield code="c">/ Stones, Adam.</subfield>
  </datafield>
  <datafield tag="260" ind1=" " ind2=" ">
    <subfield code="a">Amsterdam,</subfield>
    <subfield code="b">BIS Publishers,</subfield>
    <subfield code="c">2021.</subfield>
  </datafield>
  <datafield tag="300" ind1=" " ind2=" ">
    <subfield code="a">224 pages :</subfield>
    <subfield code="b">illustrations (color) ;</subfield>
    <subfield code="c">23 cm.</subfield>
  </datafield>
  <datafield tag="520" ind1=" " ind2=" ">
    <subfield code="a">When you want to change the world, how do you get the world on board? Influence is the communications playbook changemakers, entrepreneurs and aspiring leaders everywhere have been waiting for. The book uniquely guides you through the Five Traits of Influence, step by step. You will activate your purpose, identify your audiences, build your brand, construct a communications plan and master core skills. These skills cover behaviour change, body language, persuasive conversations, killer content, storytelling, writing craft, PR and TED-standard public speaking. Inside, you will find expert insights, practical tools and handy quick-reference summaries. Accompanying all this is your personal Influence Canvas, where you can plot your progress. Additional resources can also be freely downloaded from the book's website. Whether you are flying solo or want to build up a business or movement, Influence will become your go-to coach for leading positive change through powerful communications.</subfield>
  </datafield>
  <datafield tag="650" ind1=" " ind2="0">
    <subfield code="a">Social influence</subfield>
    <subfield code="9">9234</subfield>
  </datafield>
  <datafield tag="650" ind1=" " ind2="0">
    <subfield code="a">Persuasion (Psychology)</subfield>
    <subfield code="9">4289</subfield>
  </datafield>
  <datafield tag="650" ind1=" " ind2="0">
    <subfield code="a">Communication</subfield>
    <subfield code="9">1216</subfield>
  </datafield>
  <datafield tag="942" ind1=" " ind2=" ">
    <subfield code="2">lcc</subfield>
  </datafield>
  <datafield tag="952" ind1=" " ind2=" ">
    <subfield code="0">0</subfield>
    <subfield code="1">0</subfield>
    <subfield code="2">lcc</subfield>
    <subfield code="4">0</subfield>
    <subfield code="7">0</subfield>
    <subfield code="a">TBS</subfield>
    <subfield code="b">TBS</subfield>
    <subfield code="d">2025-05-14</subfield>
    <subfield code="l">0</subfield>
    <subfield code="o">HM1196 STO</subfield>
    <subfield code="p">B05818</subfield>
    <subfield code="r">2025-05-14</subfield>
    <subfield code="t">1</subfield>
    <subfield code="w">2025-05-14</subfield>
    <subfield code="y">1</subfield>
  </datafield>
  <datafield tag="999" ind1=" " ind2=" ">
    <subfield code="c">4664</subfield>
    <subfield code="d">4664</subfield>
  </datafield>
</record>
